ბათუმის შოთა რუსთაველის სახელმწიფო უნივერსიტეტის ბიბლიოთეკა

ჯიმარაის ტუსაღები (ბიბ.ჩანაწერი № 49074)

000 -LEADER
fixed length control field 00807nam a2200229Ia 4500
001 - CONTROL NUMBER
control field 15981
003 - CONTROL NUMBER IDENTIFIER
control field GE_BSU
008 - FIXED-LENGTH DATA ELEMENTS--GENERAL INFORMATION
fixed length control field 181216s||||||||xx |||||||||||||| ||und||
040 ## - CATALOGING SOURCE
Transcribing agency GE_BSU
080 ## - UNIVERSAL DECIMAL CLASSIFICATION NUMBER
Universal Decimal Classification number 82-93
100 ## - MAIN ENTRY--PERSONAL NAME
Personal name ჯაფარიძე, რ. (რევაზ, 1923-1999)
245 ## - TITLE STATEMENT
Title ჯიმარაის ტუსაღები
245 ## - TITLE STATEMENT
Remainder of title მოთხრობა უფროსი კლასელებისათვის
245 ## - TITLE STATEMENT
Statement of responsibility, etc. რედ.ც.ცერცვაძე. მხ.ზ. კაპანაძე
260 ## - PUBLICATION, DISTRIBUTION, ETC.
Place of publication, distribution, etc. თბილისი
260 ## - PUBLICATION, DISTRIBUTION, ETC.
Name of publisher, distributor, etc. ნაკადული
260 ## - PUBLICATION, DISTRIBUTION, ETC.
Date of publication, distribution, etc. 1969
300 ## - PHYSICAL DESCRIPTION
Extent 135 გვ. : ილ. ; 20 სმ
653 ## - INDEX TERM--UNCONTROLLED
Uncontrolled term მოთხრობა
653 ## - INDEX TERM--UNCONTROLLED
Uncontrolled term ჯიმარაის ტუსაღები
942 ## - ADDED ENTRY ELEMENTS (KOHA)
Koha item type წიგნი
ეგზემპლარები
Withdrawn status Lost status Damaged status Not for loan Date acquired Barcode Date last seen Price effective from Koha item type
        2018-12-17 39660 2018-12-17 2018-12-17 წიგნი